Vero amore /

Shranjeno v:
Bibliografske podrobnosti
Glavni avtor: Zahavi, Helen (Author)
Format: Knjiga
Jezik:italijanščina
Izdano: Parma : Guanda, 1994
Serija:Narratori della fenice
Oznake: Označite
Brez oznak, prvi označite!

MARC

LEADER 00000nam a22000007i 4500
001 IT\ICCU\TO0\0323248
003 ItRI
005 20260115231929.0
008 940929s1994 it |||||| ||||| |||||c
020 |a 8877467398 
040 |b ita  |c importazione bologna sebina 
041 7 |a ita  |2 ISO-639-2 
100 1 |a Zahavi, Helen  |0 IT\ICCU\RAVV\073749  |4 aut 
240 1 0 |a True romance. -  |3 IT\ICCU\TO0\0323249  |9 Zahavi, Helen 
245 1 0 |a Vero amore /  |c Helen Zahavi ; traduzione di Laura Noulian. 
260 |a Parma :  |b Guanda,  |c 1994 
300 |a 188 p. ;  |c 22 cm. 
830 0 |a Narratori della fenice  |0 IT\ICCU\ANA\0226784 
942 |2 ddc  |c BK  |n 0 
952 |0 0  |1 0  |4 0  |6 DOC_823_914000000000000_ZAH  |7 0  |9 16888  |a BO  |b BO  |d 2026-01-15  |i 9205  |l 0  |o DOC 823.914 ZAH  |p BO9205  |r 2026-01-15 23:19:29  |w 2026-01-15  |x [Sebina 5] [1 v.]  |y BK  |z 1 v. 
999 |c 14426  |d 14426